Представление документа в формате RUSMARC

ПолеНазваниеЗначение
  Тип записи a
  Библиографический уровень m
001 Контрольный номер 038a7126efe34614a78a392483b3f7bb
005 Дата корректировки 20260604113732.2
010 Индекс ISBN __
a ISBN 978-5-17-101585-5
d Цена 130-24
b Уточнения в пер.
9 Тираж 4000 экз.
100 Данные общей обработки __
a Данные общей обработки 20180605d2018 am y0rusy028902 ca
101 Язык документа 0_
a Язык текста rus
102 Страна публикации __
a Страна публикации RU
105 Кодированные данные (монография) __
a Кодированные данные (монография) y z 000ay
181 Поле кодированных данных: вид содержания _0
a Код вида содержания (ISBD) i
182 Поле кодированных данных: тип средства _0
a Код типа средства (ISBD) n
200 Заглавие и сведения об ответственности 1_
a Заглавие Жребий праведных грешниц. Стать огнем
e Сведения, относящиеся к заглавию [роман]
f Первые сведения об ответственности Наталья Нестерова
203 Вид содержания и тип средства __
a Вид содержания Текст
c Тип средства непосредственный
210 Выходные данные 1_
a Место издания Москва
c Издательство АСТ
c Издательство Жанровая литература
d Дата издания 2018
215 Физическое описание __
a Объем 318, [1] с.
d Формат 17 см
225 Серия 2_
a Серия Пазлы
i Наименование части Истории Натальи Нестеровой
300 Общие примечания __
a Общие примечания 2-я книга тетралогии "Жребий праведных грешниц"
330 Аннотация __
a Аннотация Любой человек - часть семьи, любая семья - часть страны, и нет такого человека, который мог бы спрятаться за стенами отдельного мирка в эпоху великих перемен. Но даже когда люди становятся винтиками страшной системы, у каждого остается выбор: впустить в сердце ненависть, которая выжжет все вокруг, или открыть его любви, которая согреет близких и озарит их путь. Сибиряки Медведевы покидают родной дом, помнящий счастливые дни и хранящий страшные тайны, теперь у каждого своя дорога. Главную роль начинают играть "младшие" женщины. Робкие и одновременно непреклонные, простые и мудрые, мягкие и бесстрашные, они едины в преданности "своим" и готовности спасать их любой ценой... Об этом роман "Стать огнем", продолжающий сагу Натальи Нестеровой "Жребий праведных грешниц".
333 Примечание о целевом назначении __
a Примечание о целевом назначении 16+. Для детей старше 16 лет
517 Другие варианты заглавия 1_
a Другие варианты заглавия Стать огнем
517 Другие варианты заглавия 1_
a Другие варианты заглавия Стать огнём
606 Тематические рубрики __
a Основная рубрика Художественная литература
2 Код системы nlr_sh
606 Тематические рубрики __
a Основная рубрика Современная русская литература (произведения)
2 Код системы nlr_sh
610 Ключевые слова 0_
a Ключевые слова исторические романы
610 Ключевые слова 0_
a Ключевые слова романы
610 Ключевые слова 0_
a Ключевые слова романы-тетралогии
610 Ключевые слова 0_
a Ключевые слова саги
610 Ключевые слова 0_
a Ключевые слова семейные саги
610 Ключевые слова 0_
a Ключевые слова тема женщины
610 Ключевые слова 0_
a Ключевые слова тема мужества
610 Ключевые слова 0_
a Ключевые слова тема семьи
610 Ключевые слова 0_
a Ключевые слова женские романы
610 Ключевые слова 0_
a Ключевые слова женская проза
610 Ключевые слова 0_
a Ключевые слова современная проза
610 Ключевые слова 0_
a Ключевые слова тема советского времени
686 Индексы других классификаций __
2 Код системы rubbks
a Классификационный индекс 84(2=411.2)6-4; ст84(2=411.2)6-4
700 Автор _1
a Фамилия Нестерова
b Имя Н.
g Полное личное имя Наталья
4 Код отношения 070
c Титул (звания) Умеренкова, Наталья Владимировна
f Даты 1955-2022
790 Имя лица - альтернативная форма _1
4 Код отношения 070
a Имя лица - альтернативная форма Умеренкова
c Титул (звания) Нестерова, Наталья
f Даты 1955-2022
b Имя Н. В.
g Полное личное имя Наталья Владимировна
801 Источник записи _0
a Страна RU
b Организация Муниципальное бюджетное учреждение культуры "Централизованная библиотечная система" г. Сургут (Центральная городская библиотека им. А. С. Пушкина)
c Дата составления 20180605
g Правила каталогизации PSBO
801 Источник записи _1
a Страна RU
b Организация Муниципальное бюджетное учреждение культуры "Централизованная библиотечная система" г. Сургут (Центральная городская библиотека им. А. С. Пушкина)
c Дата составления 20180605
g Правила каталогизации PSBO
852 Данные о местонахождении __
j Шифр хранения 84(2=411.2)6-4
i Авторский знак Н 56
901 Тип документа __
t Тип документа m
a Ответственный КиК/Мамарузиева
903 Характеристики (МАРС) __
a Дата передачи 20190613
c Наименование библиотеки (МАРС) Муниципальное бюджетное учреждение культуры "Централизованная библиотечная система" г. Сургут (Центральная городская библиотека им. А. С. Пушкина)
990 Данные о заказе (DOS) __
j Количество экземпляров (DOS) 1
t N записи в КСУ для И/У (DOS) 201906
996 Контроль за деятельностью лиц, находящихся под иностранным влиянием __
b Текстовое указание Содержит информацию о наркотических или психотропных веществах, употребление которых опасно для здоровья. Их незаконный оборот влечет уголовную ответственность (18+)
997 __
b